1490 1639 1229 1167 1437 1789 1336 1388 1806 1665 1797 1331 1237 1412 1843 1135 1761 1768 1822 1703 1749 1366 1940 1200 1902 1533 1433 1840 1028 1465 1073 1203 1375 1824 1907 1455 1017 1742 1575 1704 1807 1174 1100 1910 1267 1000 1976 1174 1174 1546 1525 1738 1823 1501 1421 1875 1440 1467 1064 1671 1752 1672 1875 1078 1845 1130 1626 1914 1347 1846 1618 1996 1770 1600 1840 1165 1942 1319 1683 1866 1022 1897 1865 1096 1224 1981 1663 1902 1439 1267 1773 1871 1269 1530 1588 1479 1392 1258 1186 BCNSPRNW ULIB Ver.6.0+V

เปลี่ยนเป็นภาษาไทย

Change to English
 แสดงรายละเอียดบรรณานุกรม
  กลับหน้าหลัก

Brief Record : Get Marc (ISO 2709) : E-mail record : QR code < ปิดหน้าต่าง
LEADER : 00000nam 2200000uu 4500
001    13399112116
003     ULIB
008    110727s2548||||th 000 0 tha d
020    9749288939
050  4 H62^bช786ก 2548
100 0  ชาตรี สำราญ
245 10 ก้าวใหม่ของวิจัยในชั้นเรียน (แบบมุ่งสู่ความเป็นสากล) /^cชาตรี สำราญ
260    กรุงเทพฯ :^bมูลนิธิสดศรี-สฤษดิ์วงศ์,^c2548
300    110 หน้า
650  4 การศึกษา^xวิจัย
650  4 วิชัยชั้นเรียน
945    ^p80^l0^i017823
949    ทศพร
999 ^a ทศพร
รายการนี้ยังไม่มีแท็ก
คุณยังไม่ได้ล็อกอิน คุณสามารถมีกิจกรรมร่วมกับเว็บไซต์ได้ แต่ต้องล็อกอินก่อน ::
  ล็อกอิน

รายการสื่อสารสนเทศ

ลำดับที่ ประเภท เลขเรียก/บาร์โค้ด สถานที่ สถานะ
- ไม่พบข้อมูล -

รายการใกล้เคียง
    ผู้แต่ง [ชาตรี สำราญ]

BibComment


ยังไม่เคยถูกคอมเมนท์

คอมเมนท์ทรัพยากรรายการนี้
  คอมเมนท์: ก้าวใหม่ของวิจัยใ..


 Copyright 2026. Bcnsprnw @Library